郑州市行政区划图-区县级(Map of Zhengzhou Municipality) - Statistics

General Stats
  • This quiz has been taken 56 times
  • The average score is 9 of 12
Answers on the Map
Answers color-coded by a green-red scale on the quiz's map according to % correct below.
 
Answer Stats
区县 % Correct
二七区
93%
登封市
93%
荥阳市
87%
新郑市
87%
金水区
80%
巩义市
80%
管城回族区
77%
中牟县
77%
中原区
70%
新密市
70%
上街区
63%
惠济区
60%
No matching quizzes found
Score Distribution
Percent of People with Each Score
Percentile by Number Answered
Your Score History
You have not taken this quiz